000 00441nam a2200133Ia 4500
008 260210s9999 xx 000 0 und d
024 _a07A-66-EE, 07A-74-EE, 07A-84-EE & 07A-91-EE
082 _a629.83072 OME
100 _aOmer Arif, Abdur Rehman, Haroon Ahmed Khan & Muhammad Salman Ahmed
245 0 _aHawks Eye
260 _aKarachi:
_bUITU,
_c2007
600 _aElectronic Engineering
650 _aBachelor of Engineering (BE)
999 _c32972
_d32972